| 000 | 00616nam a2200205Ia 4500 | ||
|---|---|---|---|
| 003 | GCL | ||
| 008 | 140319s9999 xx 000 0 ara d | ||
| 040 |
_aGCL / _cGCL |
||
| 082 | 0 | 4 |
_a332.41 _bن ن |
| 100 | 1 | _aنبيل الروبى | |
| 245 | 1 | 0 |
_aنظرية التضخم / _cنبيل الروبى |
| 260 |
_a[S.N] : _bمؤسسة الثقافةالجامعية للطبع والنشر |
||
| 300 | _a630 | ||
| 490 | _a | ||
| 650 | 0 | 4 | _aالاقتصاد |
| 650 | 0 | 4 | _aالتخطيط الاقتصادى |
| 650 | 0 | 4 | _aالاحوال الاقتصادية |
| 650 | 0 | 4 | _aالتضخم المالى |
| 942 |
_2ddc _cBK |
||
| 999 |
_c54583 _d54583 |
||